MARC details
| 000 -LEADER |
| fixed length control field |
01299cam a2200337 4500 |
| 001 - CONTROL NUMBER |
| control field |
1258357 |
| 003 - CONTROL NUMBER IDENTIFIER |
| control field |
OSt |
| 005 - DATE AND TIME OF LATEST TRANSACTION |
| control field |
20230608093311.0 |
| 008 - FIXED-LENGTH DATA ELEMENTS--GENERAL INFORMATION |
| fixed length control field |
700813r19691955enkab b 001 0 eng |
| 010 ## - LIBRARY OF CONGRESS CONTROL NUMBER |
| LC control number |
73489324 |
| 040 ## - CATALOGING SOURCE |
| Original cataloging agency |
DLC |
| Transcribing agency |
DLC |
| Modifying agency |
DLC |
| 043 ## - GEOGRAPHIC AREA CODE |
| Geographic area code |
f-et--- |
| 050 00 - LIBRARY OF CONGRESS CALL NUMBER |
| Classification number |
DT390.G2 |
| Item number |
H8 1969 |
| 082 00 - DEWEY DECIMAL CLASSIFICATION NUMBER |
| Classification number |
972.9 |
| Item number |
HUN |
| 100 1# - MAIN ENTRY--PERSONAL NAME |
| Personal name |
Huntingford, George Wynn Brereton. |
| 245 14 - TITLE STATEMENT |
| Title |
The Galla of Ethiopia: |
| Remainder of title |
the Kingdoms of Kafa and Janjero, |
| Statement of responsibility, etc. |
by G. W. B. Huntingford. |
| 260 ## - PUBLICATION, DISTRIBUTION, ETC. (IMPRINT) |
| Place of publication, distribution, etc. |
London, |
| Name of publisher, distributor, etc. |
International African Institute |
| Date of publication, distribution, etc. |
[1969] |
| 300 ## - PHYSICAL DESCRIPTION |
| Extent |
158 p. |
| Other physical details |
illus., maps (part fold.) |
| Dimensions |
24 cm. |
| 490 1# - SERIES STATEMENT |
| Series statement |
Ethnographic survey of Africa: North-eastern Africa, |
| Volume/sequential designation |
pt. 2 |
| 500 ## - GENERAL NOTE |
| General note |
Reprint of 1955 ed., with supplementary bibliography. |
| 500 ## - GENERAL NOTE |
| General note |
Pages 157-158, advertising matter. |
| 504 ## - BIBLIOGRAPHY, ETC. NOTE |
| Bibliography, etc |
Includes bibliographical references (p. 145-149) and index. |
| 650 #0 - SUBJECT ADDED ENTRY--TOPICAL TERM |
| Topical term or geographic name as entry element |
Oromo (African people) |
| 650 #0 - SUBJECT ADDED ENTRY--TOPICAL TERM |
| Topical term or geographic name as entry element |
Kaffa (African people) |
| General subdivision |
History. |
| 650 #0 - SUBJECT ADDED ENTRY--TOPICAL TERM |
| Topical term or geographic name as entry element |
Yemma (African people) |
| General subdivision |
History. |
| 710 2# - ADDED ENTRY--CORPORATE NAME |
| Corporate name or jurisdiction name as entry element |
Thomas Leiper Kane Collection (Library of Congress. Hebraic Section) |
| Institution to which field applies |
DLC |
| 830 #0 - SERIES ADDED ENTRY--UNIFORM TITLE |
| Uniform title |
Ethnographic survey of Africa. |
| Name of part/section of a work |
North-eastern Africa ; |
| Volume number/sequential designation |
pt. 2. |
| 906 ## - LOCAL DATA ELEMENT F, LDF (RLIN) |
| a |
7 |
| b |
cbc |
| c |
orignew |
| d |
2 |
| e |
ncip |
| f |
19 |
| g |
y-gencatlg |
| 942 ## - ADDED ENTRY ELEMENTS (KOHA) |
| Source of classification or shelving scheme |
Dewey Decimal Classification |
| Koha item type |
Books |